[Event "Tournoi élite du Barreau de Paris"]
[Site "Paris, France"]
[Date "2021.09.18"]
[Round "7.2"]
[White "Belkhodja, Slim"]
[Black "Travadon, Loic"]
[Result "1/2-1/2"]
[TimeControl "90'+30\""]
[WhiteTitle "GM"]
[BlackTitle "IM"]
[WhiteElo "2358"]
[BlackElo "2429"]

1. e4 {[%clk 01:30:53]} {[%emt 00:00:05]} c5 {[%clk 01:30:44]} {[%emt
00:00:17]} 2. Nf3 {[%clk 01:30:28]} {[%emt 00:00:55]} Nc6 {[%clk 01:31:06]}
{[%emt 00:00:09]} 3. Nc3 {[%clk 01:30:22]} {[%emt 00:00:35]} g6 {[%clk
01:30:57]} {[%emt 00:00:39]} 4. Bb5 {[%clk 01:30:33]} {[%emt 00:00:20]} Bg7
{[%clk 01:31:19]} {[%emt 00:00:07]} 5. Bxc6 {[%clk 01:30:33]} {[%emt 00:00:31]}
bxc6 {[%clk 01:30:54]} {[%emt 00:00:55]} 6. e5 {[%clk 01:29:13]} {[%emt
00:01:50]} d6 {[%clk 01:27:14]} {[%emt 00:04:10]} 7. O-O {[%clk 01:28:49]}
{[%emt 00:00:53]} dxe5 {[%clk 01:27:32]} {[%emt 00:00:13]} 8. Re1 {[%clk
01:28:59]} {[%emt 00:00:20]} f6 {[%clk 01:27:41]} {[%emt 00:00:21]} 9. b3
{[%clk 01:28:19]} {[%emt 00:01:11]} Nh6 {[%clk 01:28:02]} {[%emt 00:00:08]} 10.
Ba3 {[%clk 01:28:34]} {[%emt 00:00:15]} Bg4 {[%clk 01:26:44]} {[%emt 00:01:48]}
11. h3 {[%clk 01:28:03]} {[%emt 00:01:02]} Bh5 {[%clk 01:26:48]} {[%emt
00:00:26]} 12. Bxc5 {[%clk 01:28:13]} {[%emt 00:00:20]} f5 {[%clk 01:26:40]}
{[%emt 00:00:38]} 13. d4 {[%clk 01:24:37]} {[%emt 00:04:06]} e4 {[%clk
01:26:25]} {[%emt 00:00:45]} 14. Nxe4 {[%clk 01:24:55]} {[%emt 00:00:12]} fxe4
{[%clk 01:24:29]} {[%emt 00:02:26]} 15. Rxe4 {[%clk 01:25:19]} {[%emt
00:00:06]} Bxf3 {[%clk 01:22:09]} {[%emt 00:02:50]} 16. Qxf3 {[%clk 01:25:22]}
{[%emt 00:00:26]} Nf5 {[%clk 01:21:43]} {[%emt 00:00:56]} 17. g4 {[%clk
01:09:50]} {[%emt 00:16:02]} Nxd4 {[%clk 01:21:31]} {[%emt 00:00:42]} 18. Rxd4
{[%clk 01:05:25]} {[%emt 00:04:56]} Bxd4 {[%clk 01:21:28]} {[%emt 00:00:33]} 19.
Rd1 {[%clk 01:05:45]} {[%emt 00:00:10]} Qd5 {[%clk 01:14:41]} {[%emt 00:07:17]}
20. Qxd5 {[%clk 01:05:02]} {[%emt 00:01:14]} cxd5 {[%clk 01:14:58]} {[%emt
00:00:13]} 21. Rxd4 {[%clk 01:04:22]} {[%emt 00:01:09]} e6 {[%clk 01:13:21]}
{[%emt 00:02:07]} 22. c4 {[%clk 00:54:15]} {[%emt 00:10:38]} dxc4 {[%clk
01:13:43]} {[%emt 00:00:07]} 23. Rxc4 {[%clk 00:54:23]} {[%emt 00:00:22]} Rc8
{[%clk 01:12:58]} {[%emt 00:01:14]} 24. b4 {[%clk 00:53:40]} {[%emt 00:01:14]}
Rc7 {[%clk 01:12:06]} {[%emt 00:01:22]} 25. Kg2 {[%clk 00:52:20]} {[%emt
00:01:50]} g5 {[%clk 01:07:23]} {[%emt 00:05:13]} 26. Re4 {[%clk 00:51:29]}
{[%emt 00:01:21]} Kf7 {[%clk 01:06:55]} {[%emt 00:00:57]} 27. h4 {[%clk
00:50:47]} {[%emt 00:01:12]} gxh4 {[%clk 01:04:51]} {[%emt 00:02:34]} 28. Kh3
{[%clk 00:50:21]} {[%emt 00:00:56]} Rd8 {[%clk 01:03:32]} {[%emt 00:01:35]} 29.
Kxh4 {[%clk 00:48:56]} {[%emt 00:02:09]} Rd3 {[%clk 01:03:39]} {[%emt
00:00:22]} 30. Rf4+ {[%clk 00:48:13]} {[%emt 00:01:14]} Kg7 {[%clk 01:01:33]}
{[%emt 00:02:37]} 31. Re4 {[%clk 00:41:39]} {[%emt 00:07:04]} a5 {[%clk
00:54:49]} {[%emt 00:07:14]} 32. Rxe6 {[%clk 00:39:19]} {[%emt 00:02:50]} axb4
{[%clk 00:55:11]} {[%emt 00:00:08]} 33. Bxb4 {[%clk 00:39:15]} {[%emt
00:00:34]} Rc4 {[%clk 00:49:08]} {[%emt 00:06:32]} 34. a3 {[%clk 00:36:04]}
{[%emt 00:03:42]} Rf4 {[%clk 00:36:09]} {[%emt 00:13:28]} 35. Re7+ {[%clk
00:18:12]} {[%emt 00:18:23]} Kf6 {[%clk 00:36:21]} {[%emt 00:00:17]} 36. Re8
{[%clk 00:17:46]} {[%emt 00:00:57]} Rc4 {[%clk 00:33:52]} {[%emt 00:02:59]} 37.
Rf8+ {[%clk 00:18:00]} {[%emt 00:00:17]} Kg7 {[%clk 00:34:11]} {[%emt
00:00:08]} 38. Rf5 {[%clk 00:18:07]} {[%emt 00:00:25]} Rd1 {[%clk 00:33:11]}
{[%emt 00:01:31]} 39. f3 {[%clk 00:17:16]} {[%emt 00:01:21]} Rg1 {[%clk
00:33:24]} {[%emt 00:00:17]} 40. Rg5+ {[%clk 00:14:46]} {[%emt 00:03:00]} Kf7
{[%clk 00:33:34]} {[%emt 00:00:18]} 41. Rf5+ {[%clk 00:15:00]} {[%emt
00:00:18]} Ke6 {[%clk 00:33:30]} {[%emt 00:00:34]} 42. Kg5 {[%clk 00:14:44]}
{[%emt 00:00:46]} Rf1 {[%clk 00:32:51]} {[%emt 00:01:09]} 43. Rf6+ {[%clk
00:14:14]} {[%emt 00:00:59]} Kd5 {[%clk 00:32:29]} {[%emt 00:00:52]} 44. Rf7
{[%clk 00:12:49]} {[%emt 00:01:55]} Rcc1 {[%clk 00:28:15]} {[%emt 00:04:44]} 45.
Rd7+ {[%clk 00:11:38]} {[%emt 00:01:41]} Ke5 {[%clk 00:28:29]} {[%emt
00:00:16]} 46. f4+ {[%clk 00:11:25]} {[%emt 00:00:44]} Ke4 {[%clk 00:28:44]}
{[%emt 00:00:15]} 47. Re7+ {[%clk 00:11:42]} {[%emt 00:00:14]} Kf3 {[%clk
00:28:43]} {[%emt 00:00:30]} 48. Rxh7 {[%clk 00:11:43]} {[%emt 00:00:30]} Rg1
{[%clk 00:28:09]} {[%emt 00:01:03]} 49. Rh3+ {[%clk 00:11:37]} {[%emt
00:00:35]} Ke4 {[%clk 00:28:37]} {[%emt 00:00:03]} 50. Bc3 {[%clk 00:08:32]}
{[%emt 00:03:35]} Rcd1 {[%clk 00:27:40]} {[%emt 00:01:27]} 51. Be5 {[%clk
00:06:25]} {[%emt 00:02:37]} Rd8 {[%clk 00:27:43]} {[%emt 00:00:27]} 52. Rh8
{[%clk 00:04:56]} {[%emt 00:01:59]} Rd2 {[%clk 00:27:59]} {[%emt 00:00:13]} 53.
a4 {[%clk 00:04:16]} {[%emt 00:01:11]} Rdg2 {[%clk 00:28:18]} {[%emt 00:00:10]}
54. Rh4 {[%clk 00:04:37]} {[%emt 00:00:09]} Ra2 {[%clk 00:28:38]} {[%emt
00:00:10]} 55. Bg7 {[%clk 00:04:29]} {[%emt 00:00:39]} Rxa4 {[%clk 00:28:46]}
{[%emt 00:00:22]} 56. f5 {[%clk 00:04:51]} {[%emt 00:00:08]} Kd5 {[%clk
00:27:45]} {[%emt 00:01:30]} 57. Bf8 {[%clk 00:03:18]} {[%emt 00:02:02]} Ra8
{[%clk 00:27:36]} {[%emt 00:00:39]} 58. Bg7 {[%clk 00:03:39]} {[%emt 00:00:09]}
Ra2 {[%clk 00:27:31]} {[%emt 00:00:35]} 59. Bf6 {[%clk 00:03:23]} {[%emt
00:00:46]} Rf2 {[%clk 00:27:07]} {[%emt 00:00:53]} 60. Kg6 {[%clk 00:03:35]}
{[%emt 00:00:19]} Rb1 {[%clk 00:24:20]} {[%emt 00:03:16]} 61. g5 {[%clk
00:03:42]} {[%emt 00:00:24]} Rbf1 {[%clk 00:24:41]} {[%emt 00:00:09]} 62. Ra4
{[%clk 00:03:34]} {[%emt 00:00:37]} Rxf5 {[%clk 00:24:30]} {[%emt 00:00:42]} 63.
Ra5+ {[%clk 00:03:57]} {[%emt 00:00:07]} Ke6 {[%clk 00:24:58]} {[%emt
00:00:02]} 64. Ra6+ {[%clk 00:04:19]} {[%emt 00:00:09]} Kd7 {[%clk 00:25:16]}
{[%emt 00:00:11]} 65. Kf7 {[%clk 00:04:40]} {[%emt 00:00:09]} Rxg5 {[%clk
00:25:37]} {[%emt 00:00:10]} 66. Ra7+ {[%clk 00:05:01]} {[%emt 00:00:09]} Kc6
{[%clk 00:25:57]} {[%emt 00:00:10]} 67. Ra6+ {[%clk 00:05:22]} {[%emt
00:00:09]} Kb7 {[%clk 00:26:19]} {[%emt 00:00:07]} 68. Re6 {[%clk 00:05:46]}
{[%emt 00:00:06]} Rgf5 {[%clk 00:26:35]} {[%emt 00:00:14]} 69. Re7+ {[%clk
00:05:57]} {[%emt 00:00:20]} Kc6 {[%clk 00:26:59]} {[%emt 00:00:06]} 70. Re6+
{[%clk 00:06:17]} {[%emt 00:00:10]} Kd5 {[%clk 00:27:24]} {[%emt 00:00:05]} 71.
Ra6 {[%clk 00:06:43]} {[%emt 00:00:04]} R5f2 {[%clk 00:27:44]} {[%emt
00:00:10]} 72. Ra5+ {[%clk 00:07:05]} {[%emt 00:00:09]} Ke4 {[%clk 00:27:31]}
{[%emt 00:00:42]} 73. Ra4+ {[%clk 00:07:18]} {[%emt 00:00:17]} Kf5 {[%clk
00:27:59]} {[%emt 00:00:01]} 74. Ra5+ {[%clk 00:07:37]} {[%emt 00:00:12]} Kg4
{[%clk 00:28:11]} {[%emt 00:00:18]} 75. Ra4+ {[%clk 00:07:28]} {[%emt
00:00:39]} Rf4 {[%clk 00:28:26]} {[%emt 00:00:14]} 76. Ra6 {[%clk 00:07:53]}
{[%emt 00:00:05]} Kh5 {[%clk 00:28:43]} {[%emt 00:00:12]} 77. Ke7 {[%clk
00:07:49]} {[%emt 00:00:35]} Re4+ {[%clk 00:29:04]} {[%emt 00:00:09]} 78. Re6
{[%clk 00:07:57]} {[%emt 00:00:22]} Rxe6+ {[%clk 00:29:19]} {[%emt 00:00:15]}
79. Kxe6 {[%clk 00:08:22]} {[%emt 00:00:05]} Kg6 {[%clk 00:29:44]} {[%emt
00:00:04]} 80. Be5 {[%clk 00:08:04]} {[%emt 00:00:48]} Re1 {[%clk 00:30:12]}
{[%emt 00:00:02]} 81. Kd5 {[%clk 00:07:59]} {[%emt 00:00:36]} Kf5 {[%clk
00:30:39]} {[%emt 00:00:02]} 82. Bd6 {[%clk 00:08:16]} {[%emt 00:00:13]} Rd1+
{[%clk 00:31:04]} {[%emt 00:00:05]} 83. Kc6 {[%clk 00:08:40]} {[%emt 00:00:07]}
Ke6 {[%clk 00:31:30]} {[%emt 00:00:04]} 84. Bg3 {[%clk 00:07:53]} {[%emt
00:01:16]} Rc1+ {[%clk 00:31:54]} {[%emt 00:00:06]} 85. Kb7 {[%clk 00:08:15]}
{[%emt 00:00:08]} Rg1 {[%clk 00:32:10]} {[%emt 00:00:14]} 86. Bf4 {[%clk
00:07:58]} {[%emt 00:00:46]} Rg4 {[%clk 00:32:34]} {[%emt 00:00:06]} 87. Bh2
{[%clk 00:08:04]} {[%emt 00:00:24]} Kd5 {[%clk 00:32:54]} {[%emt 00:00:10]} 88.
Bc7 {[%clk 00:07:36]} {[%emt 00:00:59]} Kc5 {[%clk 00:33:06]} {[%emt 00:00:17]}
89. Bb6+ {[%clk 00:07:41]} {[%emt 00:00:24]} Kb5 {[%clk 00:33:25]} {[%emt
00:00:11]} 90. Be3 {[%clk 00:07:44]} {[%emt 00:00:27]} Re4 {[%clk 00:33:30]}
{[%emt 00:00:25]} 91. Bf2 {[%clk 00:08:00]} {[%emt 00:00:14]} Re7+ {[%clk
00:33:37]} {[%emt 00:00:23]} 92. Ka8 {[%clk 00:07:16]} {[%emt 00:01:14]} Kc6
{[%clk 00:33:40]} {[%emt 00:00:28]} 93. Bg3 {[%clk 00:07:00]} {[%emt 00:00:46]}
Rb7 {[%clk 00:33:04]} {[%emt 00:01:05]} 94. Bf4 {[%clk 00:06:30]} {[%emt
00:01:01]} Kb6 {[%clk 00:32:40]} {[%emt 00:00:55]} 95. Be3+ {[%clk 00:06:40]}
{[%emt 00:00:20]} Kc7 {[%clk 00:33:05]} {[%emt 00:00:05]} 96. Bf4+ {[%clk
00:06:39]} {[%emt 00:00:31]} Kc8 {[%clk 00:33:25]} {[%emt 00:00:10]} 97. Be3
{[%clk 00:07:01]} {[%emt 00:00:07]} Rb3 {[%clk 00:33:44]} {[%emt 00:00:11]} 98.
Bd4 {[%clk 00:07:07]} {[%emt 00:00:24]} Rd3 {[%clk 00:33:43]} {[%emt 00:00:31]}
99. Bb6 {[%clk 00:06:32]} {[%emt 00:01:05]} Rd2 {[%clk 00:33:44]} {[%emt
00:00:29]} 100. Be3 {[%clk 00:06:37]} {[%emt 00:00:25]} Re2 {[%clk 00:34:07]}
{[%emt 00:00:06]} 101. Bb6 {[%clk 00:06:53]} {[%emt 00:00:15]} Re4 {[%clk
00:34:20]} {[%emt 00:00:17]} 102. Bf2 {[%clk 00:06:56]} {[%emt 00:00:27]} Kc7
{[%clk 00:34:39]} {[%emt 00:00:12]} 103. Bg3+ {[%clk 00:06:59]} {[%emt
00:00:26]} Kc6 {[%clk 00:34:49]} {[%emt 00:00:20]} 104. Ka7 {[%clk 00:05:51]}
{[%emt 00:01:38]} Re2 {[%clk 00:34:57]} {[%emt 00:00:22]} 105. Bf4 {[%clk
00:05:44]} {[%emt 00:00:37]} Rf2 {[%clk 00:34:51]} {[%emt 00:00:36]} 106. Be5
{[%clk 00:05:49]} {[%emt 00:00:25]} Rf7+ {[%clk 00:33:13]} {[%emt 00:02:08]}
107. Ka8 {[%clk 00:05:54]} {[%emt 00:00:23]} Kb6 {[%clk 00:33:06]} {[%emt
00:00:38]} 108. Bd4+ {[%clk 00:06:13]} {[%emt 00:00:12]} Ka6 {[%clk 00:33:17]}
{[%emt 00:00:20]} 109. Be5 {[%clk 00:06:35]} {[%emt 00:00:07]} Ra7+ {[%clk
00:33:43]} {[%emt 00:00:04]} 110. Kb8 {[%clk 00:06:59]} {[%emt 00:00:07]} Re7
{[%clk 00:34:08]} {[%emt 00:00:05]} 111. Bg3 {[%clk 00:06:59]} {[%emt
00:00:29]} Rg7 {[%clk 00:34:14]} {[%emt 00:00:25]} 112. Bf4 {[%clk 00:07:07]}
{[%emt 00:00:23]} Rg4 {[%clk 00:34:39]} {[%emt 00:00:05]} 113. Be5 {[%clk
00:05:14]} {[%emt 00:02:23]} Kb6 {[%clk 00:35:02]} {[%emt 00:00:06]} 114. Bc7+
{[%clk 00:04:36]} {[%emt 00:01:08]} Kc6 {[%clk 00:35:28]} {[%emt 00:00:05]} 115.
Be5 {[%clk 00:04:31]} {[%emt 00:00:35]} Rg5 {[%clk 00:34:44]} {[%emt 00:01:13]}
116. Bf4 {[%clk 00:04:41]} {[%emt 00:00:19]} Rf5 {[%clk 00:35:05]} {[%emt
00:00:09]} 117. Be3 {[%clk 00:04:26]} {[%emt 00:00:45]} Rf3 {[%clk 00:35:02]}
{[%emt 00:00:34]} 118. Bd4 {[%clk 00:04:41]} {[%emt 00:00:15]} Rb3+ {[%clk
00:34:47]} {[%emt 00:00:45]} 119. Ka8 {[%clk 00:04:00]} {[%emt 00:01:10]} Rb5
{[%clk 00:34:48]} {[%emt 00:00:30]} 120. Be3 {[%clk 00:03:46]} {[%emt
00:00:44]} {78N} 1/2-1/2

[Event "Tournoi élite du Barreau de Paris"]
[Site "Paris, France"]
[Date "2021.09.18"]
[Round "7.3"]
[White "Rakotomaharo, Fy Antenaina"]
[Black "Razafindratsima, Timothe"]
[Result "1/2-1/2"]
[TimeControl "90'+30\""]
[WhiteTitle "IM"]
[BlackTitle "FM"]
[WhiteElo "2475"]
[BlackElo "2387"]

1. e4 {[%clk 01:30:51]} {[%emt 00:00:08]} c5 {[%clk 01:30:51]} {[%emt
00:00:10]} 2. Nf3 {[%clk 01:31:15]} {[%emt 00:00:05]} d6 {[%clk 01:31:13]}
{[%emt 00:00:09]} 3. d4 {[%clk 01:31:37]} {[%emt 00:00:08]} cxd4 {[%clk
01:31:33]} {[%emt 00:00:09]} 4. Nxd4 {[%clk 01:32:04]} {[%emt 00:00:03]} Nf6
{[%clk 01:31:55]} {[%emt 00:00:09]} 5. Nc3 {[%clk 01:32:30]} {[%emt 00:00:04]}
Nc6 {[%clk 01:32:18]} {[%emt 00:00:07]} 6. Bg5 {[%clk 01:30:56]} {[%emt
00:02:03]} e6 {[%clk 01:32:35]} {[%emt 00:00:13]} 7. Bb5 {[%clk 01:31:05]}
{[%emt 00:00:20]} Bd7 {[%clk 01:31:22]} {[%emt 00:01:44]} 8. Qd3 {[%clk
01:31:22]} {[%emt 00:00:13]} Be7 {[%clk 01:27:29]} {[%emt 00:04:22]} 9. O-O-O
{[%clk 01:31:30]} {[%emt 00:00:21]} O-O {[%clk 01:26:53]} {[%emt 00:01:06]} 10.
Rhe1 {[%clk 01:30:38]} {[%emt 00:01:22]} Qc7 {[%clk 01:18:18]} {[%emt
00:09:06]} 11. Bxc6 {[%clk 01:24:41]} {[%emt 00:06:26]} bxc6 {[%clk 01:18:28]}
{[%emt 00:00:21]} 12. f4 {[%clk 01:24:54]} {[%emt 00:00:16]} Rab8 {[%clk
01:07:15]} {[%emt 00:11:43]} 13. Nb3 {[%clk 01:20:04]} {[%emt 00:05:20]} Rfe8
{[%clk 01:02:12]} {[%emt 00:05:33]} 14. e5 {[%clk 01:07:09]} {[%emt 00:13:25]}
Nd5 {[%clk 01:02:18]} {[%emt 00:00:24]} 15. Bxe7 {[%clk 01:07:32]} {[%emt
00:00:06]} Rxe7 {[%clk 01:02:44]} {[%emt 00:00:05]} 16. exd6 {[%clk 01:07:41]}
{[%emt 00:00:21]} Qxd6 {[%clk 01:03:05]} {[%emt 00:00:10]} 17. g3 {[%clk
01:07:58]} {[%emt 00:00:12]} f6 {[%clk 00:51:28]} {[%emt 00:12:08]} 18. Ne4
{[%clk 01:03:57]} {[%emt 00:04:30]} Qc7 {[%clk 00:50:39]} {[%emt 00:01:19]} 19.
Nec5 {[%clk 01:02:52]} {[%emt 00:01:35]} Rbe8 {[%clk 00:50:53]} {[%emt
00:00:17]} 20. c4 {[%clk 01:01:22]} {[%emt 00:01:59]} Nb6 {[%clk 00:49:55]}
{[%emt 00:01:27]} 21. Qd6 {[%clk 01:00:05]} {[%emt 00:01:47]} Qc8 {[%clk
00:40:05]} {[%emt 00:10:21]} 22. Na5 {[%clk 00:58:19]} {[%emt 00:02:16]} e5
{[%clk 00:39:55]} {[%emt 00:00:40]} 23. Rd2 {[%clk 00:53:05]} {[%emt 00:05:44]}
Bf5 {[%clk 00:33:11]} {[%emt 00:07:15]} 24. b3 {[%clk 00:52:33]} {[%emt
00:01:02]} e4 {[%clk 00:22:28]} {[%emt 00:11:14]} 25. Nxc6 {[%clk 00:45:06]}
{[%emt 00:07:54]} Rc7 {[%clk 00:22:12]} {[%emt 00:00:47]} 26. Nxa7 {[%clk
00:45:28]} {[%emt 00:00:08]} Rxa7 {[%clk 00:22:13]} {[%emt 00:00:29]} 27. Qxb6
{[%clk 00:45:51]} {[%emt 00:00:06]} Qa8 {[%clk 00:20:28]} {[%emt 00:02:16]} 28.
a4 {[%clk 00:44:50]} {[%emt 00:01:31]} Rae7 {[%clk 00:17:11]} {[%emt 00:03:47]}
29. Re3 {[%clk 00:42:27]} {[%emt 00:02:53]} h5 {[%clk 00:16:35]} {[%emt
00:01:07]} 30. Kb2 {[%clk 00:35:08]} {[%emt 00:07:49]} Kh7 {[%clk 00:16:00]}
{[%emt 00:01:05]} 31. Kc3 {[%clk 00:34:31]} {[%emt 00:01:07]} Qc8 {[%clk
00:13:23]} {[%emt 00:03:07]} 32. a5 {[%clk 00:31:43]} {[%emt 00:03:17]} Bg6
{[%clk 00:11:09]} {[%emt 00:02:44]} 33. a6 {[%clk 00:30:05]} {[%emt 00:02:08]}
Qh3 {[%clk 00:10:46]} {[%emt 00:00:53]} 34. Rf2 {[%clk 00:23:35]} {[%emt
00:06:59]} h4 {[%clk 00:11:07]} {[%emt 00:00:10]} 35. Nb7 {[%clk 00:18:16]}
{[%emt 00:05:49]} hxg3 {[%clk 00:10:46]} {[%emt 00:00:52]} 36. Nd6 {[%clk
00:17:09]} {[%emt 00:01:36]} Qh5 {[%clk 00:04:57]} {[%emt 00:06:19]} 37. hxg3
{[%clk 00:17:28]} {[%emt 00:00:11]} Re6 {[%clk 00:05:03]} {[%emt 00:00:25]} 38.
f5 {[%clk 00:09:38]} {[%emt 00:08:19]} Bxf5 {[%clk 00:05:29]} {[%emt 00:00:04]}
39. Qc5 {[%clk 00:09:26]} {[%emt 00:00:42]} Re5 {[%clk 00:03:10]} {[%emt
00:02:50]} 40. Rxf5 {[%clk 00:08:34]} {[%emt 00:01:21]} Qxf5 {[%clk 00:03:33]}
{[%emt 00:00:07]} 41. Nxf5 {[%clk 00:08:57]} {[%emt 00:00:06]} Rxc5 {[%clk
00:03:59]} {[%emt 00:00:05]} 42. Nd6 {[%clk 00:09:09]} {[%emt 00:00:18]} Ra8
{[%clk 00:03:24]} {[%emt 00:01:05]} 43. b4 {[%clk 00:09:14]} {[%emt 00:00:24]}
Rc6 {[%clk 00:03:47]} {[%emt 00:00:08]} 44. c5 {[%clk 00:07:13]} {[%emt
00:02:31]} Rcxa6 {[%clk 00:03:40]} {[%emt 00:00:38]} 45. Rxe4 {[%clk 00:07:06]}
{[%emt 00:00:36]} Ra3+ {[%clk 00:03:10]} {[%emt 00:01:00]} 46. Kc4 {[%clk
00:07:26]} {[%emt 00:00:10]} Rxg3 {[%clk 00:02:55]} {[%emt 00:00:45]} 47. c6
{[%clk 00:07:45]} {[%emt 00:00:10]} Rg1 {[%clk 00:03:02]} {[%emt 00:00:23]} 48.
Kc5 {[%clk 00:07:13]} {[%emt 00:01:03]} f5 {[%clk 00:01:46]} {[%emt 00:01:46]}
49. Rf4 {[%clk 00:06:28]} {[%emt 00:01:14]} Rc1+ {[%clk 00:01:54]} {[%emt
00:00:23]} 50. Nc4 {[%clk 00:06:03]} {[%emt 00:00:55]} Rf8 {[%clk 00:02:11]}
{[%emt 00:00:13]} 51. b5 {[%clk 00:06:14]} {[%emt 00:00:19]} g5 {[%clk
00:02:17]} {[%emt 00:00:24]} 52. Rf2 {[%clk 00:06:11]} {[%emt 00:00:33]} f4
{[%clk 00:02:02]} {[%emt 00:00:46]} 53. c7 {[%clk 00:04:16]} {[%emt 00:02:25]}
g4 {[%clk 00:01:25]} {[%emt 00:01:06]} 54. b6 {[%clk 00:03:14]} {[%emt
00:01:32]} g3 {[%clk 00:01:43]} {[%emt 00:00:13]} 55. Rd2 {[%clk 00:02:28]}
{[%emt 00:01:15]} f3 {[%clk 00:01:33]} {[%emt 00:00:39]} 56. Rd7+ {[%clk
00:02:40]} {[%emt 00:00:18]} Kh6 {[%clk 00:00:51]} {[%emt 00:01:13]} 57. Rd6+
{[%clk 00:02:50]} {[%emt 00:00:20]} Kg7 {[%clk 00:00:57]} {[%emt 00:00:24]} 58.
Rd7+ {[%clk 00:02:17]} {[%emt 00:01:03]} Kg6 {[%clk 00:00:50]} {[%emt
00:00:37]} 59. Rd6+ {[%clk 00:01:47]} {[%emt 00:00:59]} Kg7 {[%clk 00:00:49]}
{[%emt 00:00:31]} 60. Rd7+ {[%clk 00:01:27]} {[%emt 00:00:50]} Kg6 {[%clk
00:00:52]} {[%emt 00:00:27]} 61. Rd6+ {[%clk 00:00:47]} {[%emt 00:01:11]} Kg7
{[%clk 00:01:00]} {[%emt 00:00:22]} 62. Rd7+ {[%clk 00:00:41]} {[%emt
00:00:35]} Kg6 {[%clk 00:01:07]} {[%emt 00:00:23]} 63. Rd6+ {[%clk 00:00:39]}
{[%emt 00:00:33]} 1/2-1/2